| 000 | 00569nam a2200181 i 4500 | ||
|---|---|---|---|
| 001 | 49875 | ||
| 003 | ES-MaACL | ||
| 005 | 20230906162058.0 | ||
| 007 | t| | ||
| 008 | 030724s1956 sp ||||1| spa d | ||
| 100 | 1 |
_aCramer, Heinz. _941436 |
|
| 245 | 1 | 0 |
_aSoraya _b: (amor e intrigas en Persia) / _cpor Heinz Cramer ; [traducido del alemán por Victor Scholz]. |
| 250 | _a[1ª ed.]. | ||
| 260 |
_aBarcelona : _bA.H.R., _c[1956] ( _fSelecciones Gráficas) |
||
| 300 |
_a352 p. ; _c20 cm. |
||
| 700 | 1 |
_aScholz, Víctor. _9104643 |
|
| 852 |
_aES-MaACL _jC-11022 _bR.39186 |
||
| 999 |
_c49875 _d49875 |
||